00441nam a2200169Ia 4500003000400000005001700004008004100021040000700062041000800069082002100077100002200098245005200120260003900172365001300211650003100224650001600255OSt20230605204725.0210423s2009 xx 000 0 und d cAL aeng a361.3 223bDEVS aDEVI (Ranjnak),Ed aSocial work: philosophy concepts and dimensions aNew DelhibOmega Publicationc2009 b650cINR aSocial Problems & Services aSocial Work